000 00763nam a22002777a 4500
003 CHAP
005 20220329140528.0
008 971013s1954 us r 00010 eng d
010 _a53382
011 _a54354
035 _a58505
040 _cCHAP
082 0 4 _a574
_bW4
100 0 0 _aWeisz, Paul B.
_9121404
245 1 _aBiology
260 _aNew York :
_bMcGraw-Hill,
_c1954
300 _a679 p.
590 _aBATCH-UPD
_b10
_c20130110
_lUCH01
_h0759
590 _aBATCH-UPD
_b10
_c20130410
_lUCH01
_h0438
590 _aBATCH-UPD
_b10
_c20130914
_lUCH01
_h0634
590 _aCONVERSION
_b10
_c20130109
_lUCH01
_h1329
650 1 4 _aBiologĂ­a.
_912773
901 _aBK
942 _cLIBRO
949 _a574 W4
_bBC
_cLIBRO
_d33724000458923
_eLIBRO
_h12739
_i58505
_mD
_si
999 _c53382
_d53382